Health mathematics connections (Record no. 40791)

MARC details
000 -LEADER
fixed length control field 00415nam a2200181Ia 4500
020 ## - INTERNATIONAL STANDARD BOOK NUMBER
ISBN 0669119032
050 ## - CALL MARK
Classification number QA 135.5 .M36/
100 ## - STATEMENT OF RESPONSIBILITY--MAIN AUTHOR NAME
Personal name Manfre, E.
245 #0 - TITLE STATEMENT
Title Health mathematics connections
260 ## - PUBLICATION, DISTRIBUTION, ETC. (IMPRINT)
Place of publication Canada
260 ## - PUBLICATION, DISTRIBUTION, ETC. (IMPRINT)
Name of publisher D. C. Health and Coy
260 ## - PUBLICATION, DISTRIBUTION, ETC. (IMPRINT)
Year of publication [1992
300 ## - PHYSICAL DESCRIPTION
Number of Pages 481 p
650 ## - SUBJECT ADDED ENTRY--TOPICAL TERM
Topical Term Canada
942 ## - ADDED ENTRY ELEMENTS (KOHA)
Koha item type Books
Holdings
Withdrawn status Lost status Damaged status Not for loan Permanent Location Current Location Shelving location Date acquired Accession Number Price effective from Koha item type
        NILE UNIVERSITY OF NIGERIA - MAIN LIBRARY NILE UNIVERSITY OF NIGERIA - MAIN LIBRARY Items on shelf 06/03/2025 0012459 06/03/2025 Books
        NILE UNIVERSITY OF NIGERIA - MAIN LIBRARY NILE UNIVERSITY OF NIGERIA - MAIN LIBRARY Items on shelf 06/03/2025 0012460 06/03/2025 Books